ADVANCED ACCOUNTING IPCC, GROUP 2 (Record no. 5629)

MARC details
000 -LEADER
fixed length control field 00266nam a22001217a 4500
005 - DATE AND TIME OF LATEST TRANSACTION
control field 20171025110219.0
008 - FIXED-LENGTH DATA ELEMENTS--GENERAL INFORMATION
fixed length control field 171025b xxu||||| |||| 00| 0 eng d
041 ## - LANGUAGE CODE
Language code of text/sound track or separate title eng
082 ## - DEWEY DECIMAL CLASSIFICATION NUMBER
Classification number 657
245 ## - TITLE STATEMENT
Title ADVANCED ACCOUNTING IPCC, GROUP 2
300 ## - PHYSICAL DESCRIPTION
Number of Pages 332p.
942 ## - ADDED ENTRY ELEMENTS (KOHA)
Koha item type Books
Holdings
Lost status Damaged status Collection code Home library Current library Shelving location Date acquired Source of acquisition Full call number Accession Number Koha item type
    MANAGEMENT JRU Library JRU Library SHELF-70 K 25/10/2017 DONATION 657 22149 Books